000 00348nam a2200145Ia 4500
008 151213s9999 xx 000 0 und d
100 _aArnold Burnett
245 _aLondon Life
_cArnold Burnett
260 _aLondon
_bChaffo & Windus
_c1924
300 _a6546 p.
650 _aEnglish
650 _aPlay
700 _aArnold Burnett
999 _c3628
_d3628